<?xml version="1.0" encoding="UTF-8"?>
<collection xmlns="http://www.loc.gov/MARC21/slim">
 <record>
  <leader>00829nam a22001815a 4500</leader>
  <controlfield tag="001">CEM.cems000245</controlfield>
  <controlfield tag="005">20060209000000.0</controlfield>
  <controlfield tag="008">130507s1983##################000#0#####d</controlfield>
  <controlfield tag="003">CEMS</controlfield>
  <datafield tag="082" ind1="0" ind2="4">
   <subfield code="a">982</subfield>
  </datafield>
  <datafield tag="100" ind1="1" ind2=" ">
   <subfield code="a">Dip, David, dir.</subfield>
  </datafield>
  <datafield tag="245" ind1="1" ind2="0">
   <subfield code="a">Parroquia de la victoria 1813-1983 :</subfield>
   <subfield code="b">libro de oro 170  años /</subfield>
  </datafield>
  <datafield tag="260" ind1=" " ind2=" ">
   <subfield code="a">Buenos Aires :</subfield>
   <subfield code="b">El Ateneo,</subfield>
   <subfield code="c">1983</subfield>
  </datafield>
  <datafield tag="300" ind1=" " ind2=" ">
   <subfield code="a">188 p.</subfield>
  </datafield>
  <datafield tag="500" ind1=" " ind2=" ">
   <subfield code="a">El Libro de Oro es Número Unico Extraordinario conmemorativo del 170 Aniversario de la fundación de la Parroquia. El Ateneo &quot;virgen Generala de la Victoria&quot; proseguirá la tarea difusora de los valores culturales del Noa y en especial de Tucumán a través de la Revista trimestral &quot;creencia y tradición&quot;</subfield>
  </datafield>
  <datafield tag="653" ind1=" " ind2=" ">
   <subfield code="a">Historia</subfield>
  </datafield>
  <datafield tag="653" ind1=" " ind2=" ">
   <subfield code="a">Parroquia de la victoria-historia</subfield>
  </datafield>
  <datafield tag="859" ind1=" " ind2=" ">
   <subfield code="a">CEMS</subfield>
   <subfield code="b">BIB. CEMS - 11 de abril</subfield>
   <subfield code="h">982</subfield>
   <subfield code="i">P249</subfield>
   <subfield code="p">13710.85</subfield>
   <subfield code="t">Ej.1</subfield>
  </datafield>
 </record>
</collection>
